Países Fusionados #5 - Estadísticas

Estadísticas generales
  • Esta prueba ha sido intentada 50 veces
  • La puntuación promedio es 17 de 20
Respuestas en el mapa
Las respuestas están codificadas por una escala verde-roja en el mapa de la prueba según el % correcto abajo.
 
Estadísticas de respuestas
Merged Countries % Correcto
Colombia
95%
Corea del Norte
93%
Corea del Sur
93%
Rusia
93%
Georgia
90%
Venezuela
90%
China
88%
Serbia
88%
Bulgaria
85%
Mongolia
85%
Argentina
83%
Suecia
83%
Uruguay
83%
Malasia
80%
Níger
80%
Finlandia
78%
Indonesia
76%
Botsuana
73%
Burkina Faso
73%
Zimbabue
71%
No se encontraron pruebas coincidentes
Distribución de puntuación
Porcentaje de gente con cada puntuación
Porcentaje por número respondido
Historial de tus puntuaciones
No has intentado esta prueba.